All Sleeping Beauty characters by screen time - Statistics

General Stats
  • This quiz has been taken 24 times
  • The average score is 7 of 12
Answer Stats
% Of Movie Screen Time Answer % Correct
23.83 17:52 Aurora
100%
24.34 18:15 Fauna
83%
27.74 20:48 Flora
83%
12.02 9:01 Maleficent
83%
15.47 11:36 Phillip
78%
27.18 20:23 Merryweather
72%
8.45 6:20 Stefan
67%
3.40 2:33 Leah
44%
5.89 4:25 Diablo
39%
12.00 9:00 Hubert
33%
5.73 4:18 Samson
17%
3.36 2:31 Minstrel
6%
No matching quizzes found
Score Distribution
Percent of People with Each Score
Percentile by Number Answered
Your Score History
You have not taken this quiz